000 00516nam a2200181 i 4500
001 49931
003 ES-MaACL
007 t|
008 030725s1974 mx ||||1| spa d
100 1 _aCremoux, Raul.
_941496
245 1 0 _a¿Televisión o prisión electrónica? /
_cRaul Cremoux.
250 _a[1ª ed.].
260 _a[México] :
_bFondo de Cultura Económica,
_c[1974]
490 1 _aArchivo del fondo
830 0 _aArchivo del fondo
_9186777
852 _aES-MaACL
_jE-7400
_bR.91356
999 _c49931
_d49931